Loading...
| Fine Arts - Classical Music | 0 | 4 | 0 | 0 | 40 | 20 | 76.00 | 2 | 4 |
| Literature - British Literature | 0 | 4 | 0 | 0 | 40 | 75 | 102.00 | 1 | 2 |
| Literature - European Literature | 0 | 4 | 1 | 1 | 35 | 124 | 128.75 | 0 | 0 |
| Science - Physics | 0 | 2 | 0 | 0 | 20 | 65 | 74.50 | 0 | 0 |
| Literature - World/Other Literature | 0 | 2 | 0 | 0 | 20 | 132 | 137.00 | 0 | 1 |
| History - World History | 0 | 1 | 0 | 0 | 10 | 67 | 67.00 | 0 | 1 |
| Fine Arts - Visual Fine Arts | 0 | 1 | 0 | 0 | 10 | 79 | 79.00 | 1 | 1 |
| History - European History | 0 | 1 | 0 | 0 | 10 | 120 | 120.00 | 0 | 0 |
| History - Other History | 0 | 1 | 0 | 0 | 10 | 69 | 69.00 | 0 | 0 |
| Philosophy | 0 | 1 | 0 | 0 | 10 | 120 | 120.00 | 0 | 0 |
| History - American History | 0 | 1 | 0 | 0 | 10 | 111 | 111.00 | 0 | 0 |
| Religion | 0 | 0 | 1 | 0 | -5 | 0.00 | 0 | 0 | |
| Social Science | 0 | 0 | 1 | 0 | -5 | 0.00 | 0 | 0 | |
| Literature - American Literature | 0 | 0 | 2 | 0 | -10 | 0.00 | 0 | 0 |